Statistics for Matador - Navne På Afsnittene

Click here to take the quiz!

General Stats

  • This quiz has been taken 7 times
  • The average score is 13 of 24

Answer Stats

EpisodeNavn% Correct
5Den Enes Død
80%
1Den Rejsende
80%
13Et Nyt Liv
80%
7Fødselsdagen
80%
18Hr. Stein
80%
8Komme Fremmede
80%
16Lauras Store Dag
80%
17De Voksnes Rækker
60%
2Genboen
60%
19Handel og Vandel
60%
9Hen Til Kommoden
60%
24New Look
60%
6Opmarch
60%
3Skiftedag
60%
4Skyggetanten
60%
15At Tænke og Tro
40%
14Brikkerne
40%
20Den 11. Time
40%
10I Disse Tider
40%
11I Klemme
40%
12I Lyst og Nød
40%
23Mellem Brødre
40%
22Det Går Jo Godt
20%
21Vi Vil Freds Her TIl Land
0%

Score Distribution

Percentile by Number Answered

Percent of People with Each Score

Your Score History

You have not taken this quiz